000 01536nam0a22003731 4500
001 RU\NLR\INFOCOMM_10\5000068949
005 20250806205414.0
035 _a(NLR Aleph) 010758384
090 _a48067
_c48067
100 _a20150407d1943 u y0rusy50 ca
101 0 _arus
102 _aRU
105 _ay z |||||
135 _acrbn 008apadp
200 1 _aИдет моряк
_e[ноты]
_eдля голоса с ф.-п.
_fмузыка Л. Круц и Н. Минх
_gтекст А. Флит
210 _aЛенинград
_c2-я типо-литография УВМИ
_d1943
325 _aКопия доступна в Электрон. б-ке РНБ
606 1 0 _aБлокада Ленинграда
_z1941 - 1944
_2nlr_sh
_3RU\NLR\AUTH\661253360
700 1 _aКруц
_bЛ.
_4070
701 1 _aМинх
_bН.
_4070
702 1 _aФлит
_bА.
_4480
801 1 _aRU
_binfocomm
_c20150407
801 0 _aRU
_bNLR
_gPSBO
852 _aNLR
_bЛ3-350
_j3/25
_pЛН.110
856 0 _uhttp://vivaldi.nlr.ru/ab000002597/view
856 1 _uhttp://vivaldi.nlr.ru/ab000002597/cover
856 2 _uhttp://vivaldi.nlr.ru/ab000002597/text
901 _eКнижные издания
942 _cBOOK
945 _aРоссийская национальная библиотека
980 _aNB
980 _aBV
981 3 7 _a(37) Ленинград в Великой Отечественной войне
_b(37) Книги блокадного Ленинграда
981 3 4 _a(34) Санкт-Петербург